Statistics for Top 100 Biggest Cities in Arizona

Click here to take the quiz!

General Stats

  • This quiz has been taken 115 times
  • The average score is 31 of 100

Answer Stats

Population City % Correct
1,445,632Phoenix
100%
520,116Tucson
92%
439,041Mesa
88%
217,385Scottsdale
85%
65,870Flagstaff
83%
236,123Chandler
81%
226,721Glendale
79%
208,453Gilbert
75%
93,064Yuma
73%
161,719Tempe
73%
154,065Peoria
67%
39,843Prescott
67%
117,517Surprise
65%
20,837Nogales
58%
52,527Lake Havasu City
54%
65,275Goodyear
52%
10,031Sedona
52%
35,840Apache Junction
50%
28,068Kingman
50%
41,011Oro Valley
48%
37,499Sun City
48%
76,238Avondale
48%
43,888Sierra Vista
48%
7,532Globe
46%
9,655Winslow
46%
50,876Buckeye
44%
48,571Casa Grande
42%
24,535Sun City West
40%
5,105Benson
40%
5,575Bisbee
40%
6,363Wickenburg
38%
39,540Bullhead City
38%
10,660Show Low
35%
43,482Maricopa
35%
17,378Douglas
35%
12,820Paradise Valley
35%
15,301Payson
35%
6,545Tolleson
35%
5,053Holbrook
35%
25,536Florence
33%
26,361Queen Creek
33%
34,961Marana
31%
5,523Guadalupe
31%
5,476Litchfield Park
31%
21,391Green Valley
29%
5,652South Tucson
29%
9,566Safford
29%
7,247Page
27%
11,265Cottonwood
27%
16,631Eloy
27%
38,822Prescott Valley
25%
10,873Camp Verde
25%
81,321San Tan Valley
25%
5,590Snowflake
25%
22,489Fountain Hills
25%
11,825Coolidge
23%
7,569Catalina
23%
8,611Tuba City
21%
10,475Arizona City
21%
25,259Sahuarita
21%
14,952New River
21%
21,700Anthem
21%
31,797El Mirage
19%
10,817Chino Valley
19%
4,865Thatcher
19%
14,287Somerton
19%
4,821Colorado City
17%
5,015Cave Creek
17%
10,159Gold Canyon
17%
25,505San Luis
17%
26,265Fortuna Foothills
15%
50,796Catalina Foothills
15%
9,355Valencia West
15%
5,189Kayenta
15%
18,962Rio Rico
15%
10,208Vail
15%
5,581Three Points
13%
16,901Tanque Verde
13%
16,419Flowing Wells
10%
5,675Corona de Tucson
8%
27,749Drexel Heights
8%
13,975Sun Lakes
8%
5,372Summit
8%
66,795Casas Adobes
6%
9,563Picture Rocks
6%
6,156Youngtown
6%
4,885Eager
6%
6,050Avra Valley
6%
14,364Fort Mohave
6%
12,192Tucson Estates
4%
5,231Paulden
4%
5,139Rincon Valley
2%
14,797Sierra Vista Southeast
2%
11,605Verde Village
2%
12,134New Kingman-Butler
2%
9,614Saddlebrooke
2%
8,370Golden Valley
2%
5,438Williamson
2%
6,147Village of Oak Creek
2%
5,395Doney Park
2%

Score Distribution

Percentile by Number Answered

Percent of People with Each Score

Your Score History

You have not taken this quiz